Normal view
MARC view
- Dawson, Raymond Stanley
Entry Personal Name
001 - CONTROL NUMBER
- control field: 99561
003 - CONTROL NUMBER IDENTIFIER
- control field: NUST
005 - DATE AND TIME OF LATEST TRANSACTION
- control field: 20221010093519.0
008 - FIXED-LENGTH DATA ELEMENTS
- fixed length control field: 221010|| aca||aabn | a|a d
040 ## - CATALOGING SOURCE
- Original cataloging agency: NUST
- Transcribing agency: NUST
100 ## - HEADING--PERSONAL NAME
- Personal name: Dawson, Raymond Stanley
670 ## - SOURCE DATA FOUND
- Source citation: Work cat.: (NUST)0: Dawson, Raymond Stanley., The Chinese experience /, 2005.
